<?xml version="1.0" encoding="UTF-8"?><?xml-stylesheet type="text/xsl" href="static/style.xsl"?><OAI-PMH xmlns="http://www.openarchives.org/OAI/2.0/" xmlns:xsi="http://www.w3.org/2001/XMLSchema-instance" xsi:schemaLocation="http://www.openarchives.org/OAI/2.0/ http://www.openarchives.org/OAI/2.0/OAI-PMH.xsd"><responseDate>2026-04-28T13:15:41Z</responseDate><request verb="GetRecord" identifier="oai:riubu.ubu.es:10259/11199" metadataPrefix="marc">https://riubu.ubu.es/oai/request</request><GetRecord><record><header><identifier>oai:riubu.ubu.es:10259/11199</identifier><datestamp>2026-03-09T11:01:20Z</datestamp><setSpec>com_10259_6168</setSpec><setSpec>com_10259_5086</setSpec><setSpec>com_10259_2604</setSpec><setSpec>com_10259_3924</setSpec><setSpec>col_10259_6775</setSpec><setSpec>col_10259_7224</setSpec><setSpec>col_10259_5684</setSpec></header><metadata><record xmlns="http://www.loc.gov/MARC21/slim" xmlns:doc="http://www.lyncode.com/xoai" xmlns:xsi="http://www.w3.org/2001/XMLSchema-instance" xmlns:dcterms="http://purl.org/dc/terms/" xsi:schemaLocation="http://www.loc.gov/MARC21/slim http://www.loc.gov/standards/marcxml/schema/MARC21slim.xsd">
<leader>00925njm 22002777a 4500</leader>
<datafield tag="042" ind1=" " ind2=" ">
<subfield code="a">dc</subfield>
</datafield>
<datafield tag="720" ind1=" " ind2=" ">
<subfield code="a">Carreira Barral, Israel</subfield>
<subfield code="e">author</subfield>
</datafield>
<datafield tag="720" ind1=" " ind2=" ">
<subfield code="a">García-Moral, Ana</subfield>
<subfield code="e">author</subfield>
</datafield>
<datafield tag="720" ind1=" " ind2=" ">
<subfield code="a">Iñigo-Martínez, María Emilia</subfield>
<subfield code="e">author</subfield>
</datafield>
<datafield tag="720" ind1=" " ind2=" ">
<subfield code="a">Díez Hernández, Julieta</subfield>
<subfield code="e">author</subfield>
</datafield>
<datafield tag="720" ind1=" " ind2=" ">
<subfield code="a">Ibáñez Porras, Jesús</subfield>
<subfield code="e">author</subfield>
</datafield>
<datafield tag="720" ind1=" " ind2=" ">
<subfield code="a">Alonso-Terán, Mario</subfield>
<subfield code="e">author</subfield>
</datafield>
<datafield tag="720" ind1=" " ind2=" ">
<subfield code="a">Fuente Gamero, Patricia de la</subfield>
<subfield code="e">author</subfield>
</datafield>
<datafield tag="720" ind1=" " ind2=" ">
<subfield code="a">Barros García, Rocío</subfield>
<subfield code="e">author</subfield>
</datafield>
<datafield tag="720" ind1=" " ind2=" ">
<subfield code="a">Martel Martín, Sonia</subfield>
<subfield code="e">author</subfield>
</datafield>
<datafield tag="260" ind1=" " ind2=" ">
<subfield code="c">2025-12-15</subfield>
</datafield>
<datafield tag="520" ind1=" " ind2=" ">
<subfield code="a">This dataset contains the data provided by ArcelorMittal España (commercial names, quality and elemental composition of the studied metal scraps and raw materials) in the context of the 'IRIDISCENTE' research project, and the analysis, results and conclusions for each of the 11 scenarios considered in the work 'A five-indicator methodology for early-stage sustainable selection of metal scraps and raw materials: application in the steel industry'</subfield>
</datafield>
<datafield tag="024" ind2=" " ind1="8">
<subfield code="a">Carreira-Barral, I., García Moral, A., Iñigo Martinez, M. E., Díez-Hernández, J., Ibanez, J., Mario Alonso Terán, De La Fuente, P., Barros Garcia, R., &amp; Martel-Martín, S. (2025). Dataset of the work 'A five-indicator methodology for early-stage sustainable selection of metal scraps and raw materials: application in the steel industry' [Data set]. Universidad de Burgos. https://doi.org/10.71486/MCTS-0K15</subfield>
</datafield>
<datafield tag="024" ind2=" " ind1="8">
<subfield code="a">https://hdl.handle.net/10259/11199</subfield>
</datafield>
<datafield tag="024" ind2=" " ind1="8">
<subfield code="a">10.71486/mcts-0k15</subfield>
</datafield>
<datafield ind1=" " ind2=" " tag="653">
<subfield code="a">Circularity assessment</subfield>
</datafield>
<datafield ind1=" " ind2=" " tag="653">
<subfield code="a">Criticality assessment</subfield>
</datafield>
<datafield ind1=" " ind2=" " tag="653">
<subfield code="a">Early-stage evaluation</subfield>
</datafield>
<datafield ind1=" " ind2=" " tag="653">
<subfield code="a">Metal scrap</subfield>
</datafield>
<datafield ind1=" " ind2=" " tag="653">
<subfield code="a">Raw material</subfield>
</datafield>
<datafield ind1=" " ind2=" " tag="653">
<subfield code="a">Steel</subfield>
</datafield>
<datafield ind1=" " ind2=" " tag="653">
<subfield code="a">Sustainability index</subfield>
</datafield>
<datafield tag="245" ind1="0" ind2="0">
<subfield code="a">Dataset of the work 'A five-indicator methodology for early-stage sustainable selection of metal scraps and raw materials: application in the steel industry'</subfield>
</datafield>
</record></metadata></record></GetRecord></OAI-PMH>